01290cam a2200301 a 450000100100000000500170001000800410002702000310006802000220009902000220012108200190014310000330016224500920019526000630028730000190035049000320036950000550040150400330045660000400048960000580052965100760058770000440066383000390070795201070074695201070085399900150096004000130097500000698820260305073955.0900824s1989 ck b 001 0bspa  a9589208002 (obra completa) a9589208029 (t. 1) a9589208010 (t. 2) a923.587bL695t1 aLibermann Z., Jacobo.91943510aTiempo de Bolivar, 1783-1830 /cJacobo Libermann Z. ; prólogo, J.L. Salcedo Bastardo. aCaracas :bEdiciones Presidencia de la República,c1989. a2 v. ;c25 cm.1 aPensadores latinoamericanos a"Colección Pensadores latinoamericanos, Bolivia" aBibliografía :p. 1137-115310aBolívar, Simón,d1783-1830925314aBOLIVAR, SIMÓN,d1783-1830xCORRESPONDENCIA.919436 4aAmérica Del SurxHistoriayGUERRA DE INDEPENDENCIA, 1806-1830.9180801 aSalcedo Bastardo, J.L.,epról.918082 0aPensadores latinoamericanos919437 001050718MOaGRbGRcHDd2009-09-03iLF1l0ov. 1p6988-10r2020-06-25w2020-06-25y1ZNo se presta 001050718MOaGRbGRcHDd2009-10-19iLF1l0ov. 2p6988-20r2020-06-25w2020-06-25y1ZNo se presta c6772d6772 aDO-SdBNP